00573nam a2200181 a 4500008004100000020001500041050001900056100002300075245009000098260003900188300002100227350000900248490003200257650003300289650003400322700002000356710001500376080929s1997 ||||||||||||||||| || u a082134031X aIBRD(08)TP/376 aHoban, Christopher10aRoads and the environment: a handbookcEdited by Koji Tsunokawa and Christopher Hoban aWashington, D.C.bWorld Bankc1997 axix, 225p.: ill. a0.00 aWorld Bank Technical Papers aROADS--ENVIRONMENTAL ASPECTS 0aENVIRONMENTAL IMPACT ANALYSIS aTsunokawa, Koji aWorld Bank